Countries that Search Cote d’Ivoire the Most - Statistics

General Stats
  • This quiz has been taken 10 times
  • The average score is 7 of 10
Answer Stats
Google Trend Score Answer % Correct
9 Burkina Faso
100%
6 Mali
80%
2 Senegal
80%
5 Togo
80%
5 Benin
70%
4 Niger
70%
3 Republic of the Congo
70%
4 Gabon
60%
4 Guinea
50%
2 Cameroon
40%
No matching quizzes found
Score Distribution
Percent of People with Each Score
Percentile by Number Answered
Your Score History
You have not taken this quiz